[Event "FRA-chT1A 0809"]
[Site "France"]
[Date "2008.12.14"]
[Round "5.7"]
[White "Dikant, Christophe"]
[Black "Succar, Marc"]
[Result "1-0"]
[WhiteElo "2041"]
[BlackElo "1803"]
[PlyCount "51"]
[EventDate "2008.10.19"]
[EventType "team-tourn"]
[EventRounds "11"]
[EventCountry "FRA"]
[SourceTitle "EXT 2010"]
[Source "ChessBase"]
[SourceDate "2010.11.25"]
[SourceVersion "1"]
[SourceVersionDate "2010.11.25"]
[SourceQuality "1"]
[WhiteTeam "Belfort"]
[BlackTeam "Creteil"]
[WhiteTeamCountry "FRA"]
[BlackTeamCountry "FRA"]

1. d4 d5 2. Nf3 e6 3. Bf4 Nd7 4. e3 Ngf6 5. Nbd2 Be7 6. Ne5 Nxe5 7. Bxe5 0-0 8. Bd3 c5 9. c3 Bd6 10. Bg3 Re8 11. Nf3 h6 12. Ne5 Bxe5 13. Bxe5 Nd7 14. Bg3 e5 15. 0-0 exd4 16. exd4 cxd4 17. cxd4 Nf6 18. Rc1 Qb6 19. b3 Ne4 20. Be5 Bf5 21. Bb1 Rac8 22. Rxc8 Rxc8 23. Bxe4 Bxe4 24. Qg4 Qg6 25. Qxc8+ Kh7 26. Qh3 1-0